| 000 | 00954pam a2200313 a 4500 | ||
|---|---|---|---|
| 001 | 669501 | ||
| 003 | OSt | ||
| 005 | 20180116183027.0 | ||
| 008 | 950110s1995 nyu 000 1 eng | ||
| 010 | _a 95000768 | ||
| 020 |
_a0312119992 : _c$24.95 |
||
| 040 |
_aDLC _cDLC _dDLC |
||
| 043 |
_af-ua--- _af-et--- |
||
| 050 | 0 | 0 |
_aPR9405.9.S5 _bS48 1995 |
| 082 | 0 | 0 |
_a813.54 SMI 1995 _220 |
| 100 | 1 | _aSmith, Wilbur | |
| 245 | 1 | 4 |
_aThe Seventh Scroll _cWilbur Smith. |
| 250 | _a1st U.S. ed. | ||
| 260 |
_aNew York : _bSt. Martin's Press, _c1995. |
||
| 300 |
_a708 p. ; _c25 cm. _bPB |
||
| 440 | _aThe Seventh Scroll | ||
| 500 | _a"A Thomas Dunne book." | ||
| 650 | 0 |
_aAntiquities _xCollection and preservation _xFiction. |
|
| 651 | 0 |
_aEgypt _xAntiquities _xCollection and preservation _xFiction. |
|
| 651 | 0 |
_aEthiopia _xFiction. |
|
| 655 | 7 |
_aAdventure stories. _2gsafd |
|
| 906 |
_a7 _bcbc _corignew _d1 _eocip _f19 _gy-gencatlg |
||
| 942 |
_2ddc _cBK |
||
| 999 |
_c350833 _d350833 |
||